<?xml version="1.0" encoding="UTF-8"?>
<record
    xmlns:xsi="http://www.w3.org/2001/XMLSchema-instance"
    xsi:schemaLocation="http://www.loc.gov/MARC21/slim http://www.loc.gov/standards/marcxml/schema/MARC21slim.xsd"
    xmlns="http://www.loc.gov/MARC21/slim">

  <leader>01058cam a22003131  4500</leader>
  <controlfield tag="001">sa 65004193 </controlfield>
  <controlfield tag="003">DLC</controlfield>
  <controlfield tag="005">20260227112129.0</controlfield>
  <controlfield tag="008">910724s1962    ii            000 0 sano </controlfield>
  <datafield tag="010" ind1=" " ind2=" ">
    <subfield code="a">sa 65004193 </subfield>
  </datafield>
  <datafield tag="035" ind1=" " ind2=" ">
    <subfield code="a">(OCoLC)24128763</subfield>
  </datafield>
  <datafield tag="040" ind1=" " ind2=" ">
    <subfield code="a">DLC</subfield>
    <subfield code="c">WaU</subfield>
    <subfield code="d">DLC</subfield>
  </datafield>
  <datafield tag="041" ind1="0" ind2=" ">
    <subfield code="a">sanhin</subfield>
  </datafield>
  <datafield tag="042" ind1=" " ind2=" ">
    <subfield code="a">premarc</subfield>
  </datafield>
  <datafield tag="050" ind1="0" ind2="0">
    <subfield code="a">PK875</subfield>
    <subfield code="b">.K4</subfield>
  </datafield>
  <datafield tag="100" ind1="0" ind2=" ">
    <subfield code="a">Ked&#x101;rabha&#x1E6D;&#x1E6D;a.</subfield>
  </datafield>
  <datafield tag="240" ind1="1" ind2="0">
    <subfield code="a">Vr&#x325;ttaratn&#x101;kara</subfield>
  </datafield>
  <datafield tag="245" ind1="1" ind2="0">
    <subfield code="a">Vr&#x325;ttaratn&#x101;kara&#x1E25;.</subfield>
  </datafield>
  <datafield tag="260" ind1=" " ind2=" ">
    <subfield code="c">[1962]</subfield>
  </datafield>
  <datafield tag="300" ind1=" " ind2=" ">
    <subfield code="a">4, 7, 191, 36 p.</subfield>
    <subfield code="c">19 cm.</subfield>
  </datafield>
  <datafield tag="490" ind1="1" ind2=" ">
    <subfield code="a">K&#x101;&#x15B;&#x12B; Sa&#x1E43;skr&#x325;ta grantham&#x101;l&#x101; ;</subfield>
    <subfield code="v">55.</subfield>
    <subfield code="a">Chhanda &#x15B;&#x101;stra section</subfield>
    <subfield code="v">no. 1</subfield>
  </datafield>
  <datafield tag="546" ind1=" " ind2=" ">
    <subfield code="a">In Sanskrit; commentaries in Hindi and Sanskrit; introd. and notes in Hindi.</subfield>
  </datafield>
  <datafield tag="650" ind1=" " ind2="0">
    <subfield code="a">Sanskrit language</subfield>
    <subfield code="x">Metrics and rhythmics.</subfield>
  </datafield>
  <datafield tag="700" ind1="0" ind2=" ">
    <subfield code="a">N&#x101;r&#x101;ya&#x1E47;abha&#x1E6D;&#x1E6D;a.</subfield>
  </datafield>
  <datafield tag="700" ind1="1" ind2=" ">
    <subfield code="a">Varakala, Vaidyan&#x101;tha&#x15B;&#x101;str&#x12B;.</subfield>
  </datafield>
  <datafield tag="700" ind1="1" ind2="2">
    <subfield code="a">&#x15A;arm&#x101;, Ked&#x101;ran&#x101;tha,</subfield>
    <subfield code="d">1914-</subfield>
    <subfield code="t">Ma&#x1E47;imay&#x12B;.</subfield>
  </datafield>
  <datafield tag="830" ind1=" " ind2="0">
    <subfield code="a">K&#x101;&#x15B;&#x12B;sa&#x1E43;skr&#x325;tas&#x12B;rijapustakam&#x101;l&#x101; ;</subfield>
    <subfield code="v">55.</subfield>
  </datafield>
  <datafield tag="830" ind1=" " ind2="0">
    <subfield code="a">K&#x101;&#x15B;&#x12B;sa&#x1E43;skr&#x325;tas&#x12B;rijapustakam&#x101;l&#x101;.</subfield>
    <subfield code="p">Chandovibh&#x101;ga ;</subfield>
    <subfield code="v">1. pu&#x1E63;pam.</subfield>
  </datafield>
  <datafield tag="999" ind1=" " ind2=" ">
    <subfield code="c">63604</subfield>
    <subfield code="d">63604</subfield>
  </datafield>
</record>
